000 00599nam a2200241Ia 4500
003 OSt
005 20221005123134.0
006 a|||||r|||| 00| 0
007 ta
008 221004b |||||||| |||| 00| 0 tam d
024 _a52555
037 _cTextual
040 _aCRL
_cCRL
_btam
041 _2tam
_atam
082 _aY:4:61vN77<-B20, 31L8
100 _aThumilan
_9625284
245 0 _aKowalthurainkathai
260 _c1978
300 _a239p.
_ccm.
650 _aSOCIOLOGY
942 _hY:4:61vN77<-B20, 31L8
_cTEXL
_2cc
999 _c1046508
_d1046508